| 000 | 01615nam#a22005895a#4500 | ||
|---|---|---|---|
| 001 | 1168 | ||
| 008 | 100426s2001####ag#a###j######001#0#spa#d | ||
| 245 | 1 | 0 |
_aTecnología 9 / _cRamón Cirera ... [et al.]. |
| 250 | _a1ª ed. | ||
| 260 |
_aBuenos Aires : _bSantillana, _c2001. |
||
| 300 |
_a160 p. : _bfot. col., il. col. ; _c28 cm. |
||
| 490 | 0 | _aClaves | |
| 020 | _a9504609007 | ||
| 100 | 1 | _aCirera, Ramón. | |
| 700 | 1 | _aFernández, Alfedo C. | |
| 700 | 1 | _aMolina, Fernando. | |
| 700 | 1 | _aSanturio, Wilson R. | |
| 700 | 1 | _aTimpanaro, Alejandro E. | |
| 080 | _a004 | ||
| 084 | _aC54 | ||
| 653 | _aSistemas de control | ||
| 653 | _aTipos de controles | ||
| 653 | _aSistemas electrónicos | ||
| 653 | _aElectrónica | ||
| 653 | _aCircuitos electrónicos | ||
| 653 | _aHistoria de las computadoras | ||
| 653 | _aTipos de computadoras | ||
| 653 | _aRobótica | ||
| 653 | _aInteligencia artificial | ||
| 653 | _aRobots industriales | ||
| 653 | _aCircuitos hidráulicos | ||
| 653 | _aCircuitos neumáticos | ||
| 653 | _aPresión hidráulica | ||
| 653 | _aEra de la información | ||
| 653 | _aTransmisión de la información | ||
| 653 | _aCorreos electrónicos | ||
| 653 | _aTelégrafos | ||
| 653 | _aPrensas | ||
| 653 | _aTeléfonos | ||
| 653 | _aRadios | ||
| 653 | _aTelevisores | ||
| 653 | _aBiotecnología | ||
| 653 | _aAntibióticos | ||
| 653 | _aAnticuerpos | ||
| 653 | _aTecnología médica | ||
| 653 | _aArtes visuales | ||
| 653 | _aMúsica electrónica | ||
| 040 |
_aAR-ClEAG _cAR-ClEAG |
||
| 005 | 20241107184700.0 | ||
| 003 | AR-ClEAG | ||
| 942 | _cBK | ||
| 999 |
_c1168 _d1168 |
||
| 980 |
_62 _aEvangelina Gallicchio _82 _gEvangelina Gallicchio |
||